La educación sexual y la coeducación de los sexos

Պահպանված է:
Մատենագիտական մանրամասներ
Հիմնական հեղինակներ: Lafora, Gonzalo R (Հեղինակ), Comas, Margarita (Հեղինակ)
Ձևաչափ: Գիրք
Լեզու:իսպաներեն
Հրապարակվել է: Buenos Aires Losada 1967
Շարք:Biblioteca del maestro
Խորագրեր:
Ցուցիչներ: Ավելացրեք ցուցիչ
Չկան պիտակներ, Եղեք առաջինը, ով նշում է այս գրառումը!

MARC

LEADER 00000nam a2200000 a 4500
001 UCW5085
003 CL-VaPUC
008 901129e19670000AG |||||||||||||||||spa|d
082 0 4 |a 612.6  |b LAF  |2 21 
100 |a Lafora, Gonzalo R  |e author  |9 327483 
700 0 |a Comas, Margarita  |e author  |9 309923 
245 1 3 |a La educación sexual y la coeducación de los sexos 
300 |a 142 p 
942 |c BK 
945 |d 19901129 00:00:00 
260 |a Buenos Aires  |b Losada  |c 1967 
650 0 |a Educación sexual  |9 308005 
650 0 |a Educación para la vida familiar  |9 307821 
583 |a last modification  |c 19901129 00:00:00  |k Rodrigo Vera 
490 0 |a Biblioteca del maestro 
999 |c 218597  |d 218595 
952 |0 0  |1 0  |4 0  |6 612_600000000000000_LAF_1967  |7 0  |8 P  |9 208378  |a BIBEDU  |b BIBEDU  |c BIBEDU_PB  |d 2019-11-15  |i 2763060  |o 612.6 LAF 1967  |p 2763060  |r 2024-01-25  |w 2019-11-15  |y BK  |k EDU 
952 |0 0  |1 0  |4 0  |6 612_600000000000000_LAF_1967  |7 0  |8 P  |9 208379  |a BIBEDU  |b BIBEDU  |c BIBEDU_PB  |d 2019-11-15  |i 2763079  |o 612.6 LAF 1967  |p 2763079  |r 2024-01-25  |w 2019-11-15  |y BK  |k EDU